00619pab a2200181 454500008004000000100001900040245007400059260000900133300001300142362001100155650002900166650006100195650001600256773003400272909001000306999001700316952010400333180718b1997 xxu||||| |||| 00| 0 eng d aPandit, Nalini aNarayan Meghaji Lokhande: the father of trade union movement in India c1997 ap.327-29 a15 Feb aLabour relations - India aLokhande, Narayan Meghaji - Criticism and interpretation aBiographies aEconomic and Political Weekly a33410 c33410d33410 00104070aIIPAbIIPAd2018-07-19hVolume no: 32, Issue no: 7pAR33632r2018-07-19w2018-07-19yAR